000 01614cam a22004694i 4500
003 PE-LiUPU
005 20250731172934.0
008 150623s1997 miu rb 000 0 eng d
020 _a1850758417
035 _a(Sirsi) i9781850758419
040 _aPE-LiUPU
_bspa
_cPE-LiUPU
_erda
049 _aPRUA
082 0 4 _a220.6
_bC62
_221
100 1 _aClines, David J. A.,
_eautor.
245 1 4 _aThe Bible and the modern world /
_cDavid J.A. Clines.
264 1 _aMelksham, Wiltshire, Great Britain :
_bSheffield Academic Press,
_c1997.
300 _a116 páginas ;
_c24 centímetros.
336 _atext
_2rdacontent
337 _aunmediated
_2rdamedia
338 _avolume
_2rdacarrier
490 0 _aThe biblical seminar ;
_v51
504 _aBibliografía: p. 102-109.
505 0 _aThe bible and the academy -- The bible and culture -- The bible and the public -- The bible and the church.
526 _aSEG42
526 _aSEG41
526 _aSEG40
526 _aSEG39
526 _aP94
526 _aP87
526 _aP86
526 _aP85
526 _aP77
526 _aP76
526 _aP35
630 _aBiblia
_xCrítica, interpretación, etc.
942 _2ddc
_cBOOK
949 _a220.6 C62
_wDEWEY
_c1
_i44191
_lCCODEBUL1
_mBUL
_r0
_sY
_tBOOK
_u2015-6-24
_xTEOLOGIA
_PP35
_0COMPRA
_o.STAFF. Colección Teología
994 _aC0
_bPEPRU
596 _a1
999 _a220.6 C62
_wDEWEY
_c21066
_i44191
_f2021-11-9
_g5
_lCCODEBUL1
_mBUL
_p22.00
_r0
_sY
_tBOOK
_u2015-6-24
_xTEOLOGIA
_PP35
_0COMPRA
_o.STAFF. Colección Teología
_d21066
980 _81
_gALBERTO SANCHEZ Responsable de Automatización